• 首页
  • 本馆介绍
  • 公告通知
  • 最新文献
  • 馆藏检索
  • 电子资源
  • 读者导购
  • 参考咨询
  • 我的图书馆
  • 登录
  • 详细信息显示
  • 放入我的书架
  • 预约/预借图书
  • 作者相关作品
  • 分类相关作品
  • 丛书相关作品
  • 出版社相关作品

书目信息

  • 表格格式
  • 工作单格式
  • 卡片格式
书名: Wuthering Heights
作者: Emily Bronte.
分册号:
分册名:
出版地: Harmondsworth, Eng. ;
 
出版社: Bantam Books
出版时间: 1983.
页数: 315 p. :
开本: 18 cm.
丛书名:
中图分类号:
科图分类号:
其他分类号: I561.44
主题词:
电子资源:
000 00659nam 2200217Ia 4504
001 E0730899094
005 20070727092422.06
008 9406011983 enk b 000 1 eng d
020    @a0-553-21141-2.
040    @aNUL@cNUL
090    @aK555.32/W1.2
090    @aI561.44
099    @dI561.44@ex15
100 1  @aBronte, Emily,@d1818-1848.
245 10 @aWuthering Heights / @cEmily Bronte.
260    @aHarmondsworth, Eng. ;@aNew York :@bBantam Books,@c1983.
300    @a315 p. :@bgeneal. table ;@c18 cm.
500    @a"Penguin classics."
504    @aIncludes bibliographical references.
700 1  @aDaiches, David,@d1912-
920    @a232010@z2
    
    Wuthering Heights / / Emily Bronte.-Harmondsworth, Eng. ; ; New York : : Bantam Books, , 1983.
    315 p. : : geneal. table ; ; 18 cm.
    "Penguin classics." .-Includes bibliographical references.
    
    ISBN 0-553-21141-2.
    
●
相关链接 在E读中查询图书 在五车中查询图书 在当当中查询图书 在豆瓣中查询图书


正题名:Wuthering Heights     索取号:I561.44/x15         预约/预借

序号 登录号 条形码 馆藏地/架位号 状态 备注
1 16909   300143397   密集书库/ [索取号:I561.44/x15] 在馆    
2 16910   300143404   密集书库/ [索取号:I561.44/x15] 在馆    
3 16911   300143388   密集书库/ [索取号:I561.44/x15] 在馆    
4 181531   001683244   第二样本阅览室/ [索取号:I561.44/x15] 在馆    
5 181532   202459044   第四借阅区/ [索取号:I561.44/x15] 在馆    
6 181534   001683235   第四借阅区/ [索取号:I561.44/x15] 在馆    
7 181535   001683280   第四借阅区/ [索取号:I561.44/x15] 在馆    
唐山师范学院图书馆 欢迎您!
大连网信软件有限公司© 版权所有